[Event "9th LCC FIDE Open 2017"]
[Site "London"]
[Date "2017.12.02"]
[Round "1"]
[White "Sargissian, Gabriel"]
[Black "Kwon, Sehyun"]
[Result "1-0"]
[WhiteElo "2672"]
[BlackElo "2117"]
[Annotator "TA"]
[PlyCount "117"]
[EventDate "2017.??.??"]
[EventCountry "ENG"]
[SourceTitle "playchess.com"]
[Source "ChessBase"]
[SourceQuality "1"]

{[%evp 20,117,40,14,37,26,33,35,27,12,15,18,22,0,0,-25,-28,-33,-17,-19,0,0,20,18,20,16,9,14,10,11,18,0,0,0,-4,0,0,-7,-7,-24,-7,-17,-3,-30,-7,-24,0,0,0,0,31,27,7,8,24,27,125,137,194,181,195,181,181,201,194,191,191,189,183,187,234,184,184,184,180,177,440,458,458,440,584,547,750,696,1161,1051,1841,1741,1554,1435,7699,8522,5886,5093,29977,29978,29978,29979,29979,29980]} 1. d4 Nf6 2. c4 e6 3. Nc3 Bb4 4. Nf3 d5 5. cxd5 exd5 6. Bg5 h6 7. Bxf6 Qxf6 8. Qa4+ Nc6 9. e3 Bxc3+ 10. bxc3 O-O 11. Be2 {LiveBook: 15 Games} Be6 {D38: Queen's Gambit Declined: Ragozin Defence (4 Nf3 Bb4)} (11... Qg6 12. O-O Bh3 13. Ne1 Rad8 14. Qb5 Bc8 15. c4 a6 16. Qb1 Qxb1 17. Rxb1 dxc4 18. Bxc4 Na5 19. Bb3 Nxb3 20. axb3 {½-½ (59) Dzagnidze,N (2556)-Socko,M (2431) Warsaw 2013}) 12. O-O a6 13. Rfb1 $146 ({Predecessor:} 13. Ne1 Ne7 14. Nd3 Rfd8 15. Qb3 b6 16. Nf4 Nf5 17. g3 b5 18. Bf3 c6 {½-½ (26) Friedrichs,K (2221)-Kilian,R (2231) NRW 2004}) 13... Rfb8 {White is slightly better.} 14. Rb2 b5 15. Qd1 Na5 16. Nd2 Nc4 17. Rbb1 Bf5 {And now ...Nxd2 would win.} 18. Rc1 Nxd2 (18... c6 {is more complex.} 19. Nb3 Nb2 20. Qd2 Na4 21. Bd3 a5) 19. Qxd2 Bd7 20. Bf3 Bc6 21. Qb2 a5 22. Qa3 Rd8 23. Rab1 a4 24. Qc5 Qd6 25. Be2 Qxc5 26. dxc5 Rab8 27. Rd1 Be8 28. Rd4 c6 29. g4 f6 30. Bd3 Bf7 31. Kf1 Re8 32. Ke2 Kf8 33. h4 g5 34. Rh1 Ke7 35. a3 Rh8 36. e4 Rbd8 37. Kd2 Be6 (37... Rhe8 $11) 38. Re1 $1 $16 Kf7 (38... Kd7 $16) 39. h5 $1 $18 Rd7 40. exd5 Bxd5 41. Bg6+ Kg7 42. Bf5 Rc7 {[#]} 43. Be6 $1 Rd8 44. Re3 Kf8 45. Red3 Ke7 46. Bxd5 cxd5 47. Rxd5 Rxd5 $2 (47... Rdc8 {was worth a try.} 48. c6 Rxc6 49. Rxb5 R8c7) 48. Rxd5 {[%mdl 4096] Endgame KR-KR} Ke6 49. Rf5 Rd7+ 50. Ke3 Rc7 51. Ke4 Rd7 52. c6 Rc7 53. Rc5 Kd6 54. Kd4 Rxc6 55. Rxc6+ Kxc6 {[#]} 56. c4 $1 {[%cal Rc4b5]} Kb6 57. cxb5 {White mates.} Kxb5 58. Kd5 Kb6 59. Ke6 {Precision: White = 75%, Black = 46%.} 1-0

[Event "9th LCC FIDE Open 2017"]
[Site "London"]
[Date "2017.12.02"]
[Round "1"]
[White "Nabaty, Tamir"]
[Black "De Abreu, Roberto N"]
[Result "1-0"]
[WhiteElo "2657"]
[BlackElo "2110"]
[Annotator "TA"]
[PlyCount "73"]
[EventDate "2017.??.??"]
[EventCountry "ENG"]
[SourceTitle "playchess.com"]
[Source "ChessBase"]
[SourceQuality "1"]

{[%evp 15,73,39,45,33,27,26,39,24,25,23,36,20,24,22,38,41,45,41,64,69,81,49,42,37,37,35,30,14,20,16,35,0,25,0,0,0,0,0,0,0,0,0,0,0,72,59,106,0,85,75,77,71,444,444,1531,1352,29982,1319,29989,29990]} 1. d4 Nf6 2. Nf3 c5 3. d5 e6 4. Nc3 Nxd5 5. Nxd5 exd5 6. Qxd5 Nc6 7. e4 d6 8. Ng5 Qe7 {LiveBook: 9 Partien. A43: Alt-Benoni} (8... Qc7 9. Bc4 Ne5 10. Bb5+ Nc6 11. O-O h6 12. Nf3 Be6 13. Qd3 Be7 14. Bf4 g5 15. Bg3 h5 16. h4 gxh4 17. Nxh4 {0-1 (43) Landa,K (2625)-Ponkratov,P (2604) Minsk 2015}) 9. Bb5 Bd7 10. Bc4 {[%cal Rg5f7]} Nd8 $1 {Weiß hat minimalen Vorteil.} 11. O-O h6 {Und weiter mit ...Lc6 wäre nett.} 12. Nf3 Bc6 $146 ({Vorgänger:} 12... Nc6 13. Bf4 Be6 14. Qd3 Bxc4 15. Qxc4 Qe6 16. Qd3 {½-½ (34) Kosic,D (2480)-Smith,A (2480) Budapest 2015}) 13. Qd1 Ne6 14. Re1 Qd7 15. b3 Be7 16. Bb2 O-O-O 17. Bd5 Rhg8 18. g3 h5 19. Nd2 h4 20. Qg4 hxg3 21. hxg3 Bf6 22. Bxc6 bxc6 23. Rab1 Rh8 24. b4 Rh6 {Droht stark ...Lxb2.} 25. Bxf6 gxf6 26. Nf3 {[%cal Bd2f3,Bf3h4,Bh4f5][%mdl 32]} Rdh8 {( -> ...Th1+)} 27. Nh4 Rh5 28. bxc5 Rg5 29. Qe2 {Droht Da6+ und aus.} Nxc5 (29... Rxh4 $1 $11 {bleibt in der Remisbreite.} 30. Qa6+ Kd8) 30. Nf5 $16 {Dc4 ist eine echte Drohung.} Rgh5 {[#] zielt auf ...d5 ab.} 31. Qg4 (31. Qc4 $1 $16) 31... Ne6 (31... d5 $11 32. Ne7+ Kc7 33. Qxd7+ Kxd7 34. exd5 cxd5) 32. Red1 d5 33. exd5 cxd5 $2 {[%mdl 8192] [#]} (33... Rh1+ $16 {ist eine bessere Chance.} 34. Kg2 R8h2+ 35. Kf3 Rxd1 36. Rxd1 cxd5) 34. Qb4 $1 $18 {[%csl Gb1][%cal Rb4b8]} Rh1+ (34... Qc7 $142) 35. Kg2 {[%csl Gb1][%cal Rb4b8,Bg1g2,Bg2f3,Bf3g4][%mdl 32]} R8h2+ 36. Kf3 {[%csl Gb1][%cal Rb4b8]} Ng5+ 37. Kg4 {Precision: Weiß = 79%, Schwarz = 43%.} 1-0

[Event "9th LCC FIDE Open 2017"]
[Site "London"]
[Date "2017.12.02"]
[Round "1"]
[White "Grandelius, Nils"]
[Black "Russell, Christopher"]
[Result "1-0"]
[WhiteElo "2647"]
[BlackElo "2103"]
[Annotator "TA"]
[PlyCount "109"]
[EventDate "2017.??.??"]
[EventCountry "ENG"]
[SourceTitle "playchess.com"]
[Source "ChessBase"]
[SourceQuality "1"]

{[%evp 14,109,56,49,59,53,68,68,69,68,91,74,148,138,182,160,197,194,203,193,217,225,185,79,92,92,91,84,89,78,114,86,75,77,74,60,89,50,98,108,176,90,111,115,133,134,226,177,181,112,108,111,360,105,106,112,113,108,118,97,104,58,95,73,64,61,97,99,86,62,60,57,149,151,146,158,224,204,348,337,639,176,501,483,480,236,420,414,373,410,431,430,655,402,832,861,29980,29981]} 1. c4 e6 2. g3 f5 3. Bg2 Nf6 4. b3 Be7 5. Bb2 O-O 6. Nh3 {A10: English Opening: Unusual Replies for Black} d6 7. d4 Qe8 8. O-O {LiveBook: 6 Games. White is slightly better.} a5 (8... Ng4 9. Qd2 Bf6 10. f3 Nh6 11. Nc3 c6 12. Ba3 {1-0 (34) Grandelius,N (2655)-Nielsen,R (2353) Vaxjo 2017}) 9. Nc3 Nc6 $146 ({Predecessor:} 9... c6 10. Na4 Ra6 11. c5 d5 12. f3 Nfd7 13. Qc2 g5 14. e4 Qg6 15. exf5 exf5 {1-0 (27) Bosboom,M (2410)-Van Hul,C (2260) Antwerp 1996}) 10. d5 exd5 11. cxd5 Ne5 12. Rc1 Nh5 (12... Bd7 $142) 13. e3 $1 $16 Bd8 14. Nf4 Nxf4 15. exf4 {Threatens to win with Re1.} (15. gxf4 Ng6 $11) 15... Nd7 16. Re1 Qf7 17. Nb5 Nc5 18. Nd4 (18. Rxc5 $1 $18 {and White stays clearly on top.} dxc5 19. Bf1) 18... Bf6 19. Ba3 Bxd4 20. Qxd4 b6 21. Bb2 Bb7 22. Bh3 Bxd5 {[#]} 23. Bxf5 $1 {[%mdl 512]} c6 (23... Qxf5 24. Qxg7#) 24. Re3 Ra7 25. Bb1 Qh5 26. Rce1 Raf7 (26... Qh3 $16 27. f3 Raf7) 27. f5 (27. g4 $1 $18 {[%cal Rg4h5]} Qxg4+ 28. Rg3) 27... Nd7 {Strongly threatening ...Ne5.} 28. Qf4 Nf6 {aiming for ...Ng4.} 29. f3 g5 (29... b5 $16 {is a better defense.} 30. Bd3 b4) 30. fxg6 hxg6 {Black wants to play ...Ne4.} 31. g4 (31. Qxd6 $18 {Black must now prevent g4.} Ng4 32. R3e2 (32. fxg4 $2 Qxh2+ 33. Kxh2 Rh7+ 34. Kg1 Rh1#) (32. Qxg6+ Qxg6 33. Bxg6 Nxe3 $16) 32... Rxf3 33. Bxg6 (33. Qxg6+ Qxg6 34. Bxg6 Nf2 $11)) 31... Qh4 {And now ...Ne4 would win.} 32. Bxg6 Rg7 $2 (32... Ne4 $16 33. Bxf7+ Rxf7 34. Qxf7+ Kxf7 35. fxe4 Be6) 33. Bxf6 $2 (33. Bf5 $18 {and the rest is easy.}) 33... Rxg6 34. Bxh4 {Re8 would kill now.} Rxf4 35. Rf1 a4 36. Bg3 Rb4 {[%cal Ra4b3]} 37. Re8+ Kg7 38. Be1 Rf4 39. Re3 Kf7 40. Bg3 $36 {[%mdl 2048] White is really pushing.} Rb4 41. Rfe1 axb3 42. Re7+ Kf8 (42... Kg8 $14 43. Rd7 Re6 44. Rxe6 Bxe6 45. Rd8+ Kf7 46. axb3 d5) 43. axb3 $1 Rxb3 44. Rd7 Re6 {[#]} (44... Rg7 $16 45. Bxd6+ Kg8 46. Rd8+ Kh7) 45. Ra1 $1 $18 {[%cal Ra1a8] White threatens Ra8+ and mate.} (45. Bxd6+ $6 Ke8 $16) 45... c5 {[#]} (45... Ke8 $142 46. Rh7 (46. Rxd6 Rxd6 47. Bxd6 Kd7 $15) 46... c5) 46. Raa7 $1 ({Weaker is} 46. Rxd6 Rxd6 47. Bxd6+ Kf7 $14) ({And not} 46. Bxd6+ Ke8 $11) 46... Bc6 $2 (46... Rb1+ 47. Kg2 Rb2+ 48. Kh3 Rh6+ 49. Bh4 Bc6) 47. Rd8+ $2 (47. Bxd6+ Ke8 48. Rh7 (48. Re7+ Rxe7 49. Rxe7+ Kd8 $14)) 47... Be8 $2 (47... Re8 {is tougher.} 48. Bxd6+ Kg8 49. Rxe8+ Bxe8) 48. Bxd6+ Kg8 49. Kf2 (49. Be7 $142 Kf7 50. Bxc5+ Kg8 51. Be7) 49... c4 $2 (49... Rb2+ 50. Kg3 Rd2) 50. Be7 Kf7 51. Bg5+ Kg8 52. h4 Rb5 (52... Rd3 $142 53. Rc8 b5) 53. Rc7 Rb2+ (53... Rc5 $142) 54. Kg3 {Be7 is the strong threat.} b5 55. Be7 {Precision: White = 61%, Black = 25%.} 1-0

[Event "9th LCC FIDE Open 2017"]
[Site "London"]
[Date "2017.12.02"]
[Round "1"]
[White "Melkumyan, Hrant"]
[Black "Hebbes, Tim"]
[Result "1-0"]
[WhiteElo "2633"]
[BlackElo "2097"]
[Annotator "TA"]
[PlyCount "61"]
[EventDate "2017.??.??"]
[EventCountry "ENG"]
[SourceTitle "playchess.com"]
[Source "ChessBase"]
[SourceQuality "1"]

{[%evp 11,61,20,22,15,19,16,14,22,15,7,33,18,29,0,0,0,47,24,51,25,18,27,30,29,24,14,45,16,38,32,54,50,43,29,65,62,152,107,357,365,344,349,333,335,665,664,633,631,29987,29986,29986,29987]} 1. e4 e6 2. d4 d5 3. Nd2 a6 4. Ngf3 Nf6 5. exd5 (5. e5 Nfd7 6. Bd3 c5 7. c3 Nc6 8. O-O g5 9. dxc5 g4 10. Nd4 Ndxe5 11. N2b3 Nxd3 12. Qxd3 e5 13. Re1 Bg7 14. Nxc6 bxc6 15. Nd4 Qf6 {½-½ (43) Sokolov,I (2625)-Bauer,C (2630) Maastricht 2017}) 5... exd5 6. Bd3 {C03: French Tarrasch: Unusual Black 3rd moves} Nc6 {LiveBook: 3 Games} 7. c3 Bd6 8. O-O {The position is equal.} O-O 9. Re1 Bg4 {[%cal Bc8g4,Bg4h5,Bh5g6,Bg6h7][%mdl 32]} 10. Nf1 {[%cal Bd2f1,Bf1e3,Be3f5,Bf5g3][%mdl 32]} Re8 11. Rxe8+ Qxe8 12. Ne3 $146 ({Predecessor:} 12. Bg5 Ne4 {0-1 (26) Krupa,K (2095)-Bartel,M (2170) Krynica 1998}) 12... Bh5 13. Nf5 Bf8 14. Bf4 Qd7 15. Ng3 Bg6 16. Ne5 Nxe5 17. dxe5 Ne8 18. Be2 {[%cal Bd3e2,Be2g4,Bg4f5][%mdl 32]} c6 19. h4 {[%cal Bh2h4,Bh4h5][%mdl 32]} (19. Bg4 $5 {[%cal Rg4d7]} Qe7 20. Qb3 $11) 19... h6 20. h5 $36 {[%mdl 2048] Black is under pressure.} Bh7 21. Bg4 Qd8 22. Bf5 Qh4 {[#] ...Bxf5 is the strong threat.} 23. Qf3 Nc7 ({Black should play} 23... Qe7 $14) 24. Bxh6 Bc5 $2 (24... Bxf5 $16 {keeps fighting.} 25. Nxf5 Qe4) 25. Bxh7+ $18 Kxh7 {[#]} 26. Bxg7 $1 {[%mdl 512] aiming for Bf6.} Ne6 (26... Kxg7 27. Nf5+) 27. Qxf7 {White wants to mate with Bf6+.} ({Don't play} 27. Bf6 Qf4 $18) 27... Qxg3 $2 (27... Nxg7 28. Qxg7+ Kxg7 29. Nf5+ Kh7 30. Nxh4 Kh6) 28. Bf8+ {[%cal Bg7f8,Bf8c5,Bc5d4][%mdl 32]} Ng7 29. Bxc5 Qxe5 30. Qg6+ Kh8 31. Bd4 {Precision: White = 77%, Black = 45%.} 1-0

[Event "9th LCC FIDE Open 2017"]
[Site "London"]
[Date "2017.12.02"]
[Round "1"]
[White "Cornette, Matthieu"]
[Black "Manole, Stefan"]
[Result "1/2-1/2"]
[WhiteElo "2606"]
[BlackElo "2081"]
[Annotator "TA"]
[PlyCount "48"]
[EventDate "2017.??.??"]
[EventCountry "ENG"]
[SourceTitle "playchess.com"]
[Source "ChessBase"]
[SourceQuality "1"]

{[%evp 16,48,27,29,29,29,17,22,36,48,50,9,28,-14,20,-45,18,21,20,27,48,0,27,0,33,13,40,35,30,36,37,0,0,0,0]} 1. Nf3 d5 2. d4 Nf6 3. c4 c6 4. g3 Bf5 5. Nc3 e6 6. Nh4 {D11: Slav Defence: 3 Nf3 sidelines and 3...Nf6 4 e3 Bg4} (6. Qb3 Qc8 7. Bg2 h6 8. O-O Be7 9. Nd2 O-O 10. e4 dxe4 11. Ndxe4 Rd8 12. Be3 Ng4 {0-1 (27) Jakovenko,D (2710)-Mamedyarov,S (2791) Sochi 2017}) 6... Bg6 7. Nxg6 hxg6 8. Qb3 Qb6 9. c5 {LiveBook: 9 Games} Qxb3 10. axb3 Na6 11. Ra4 $146 ({Predecessor:} 11. Bf4 Kd7 12. e3 Nc7 {0-1 (63) Jirka,J (2418)-Horak,J (2256) Nachod 2011}) 11... Nc7 12. Bf4 Kd7 13. e3 Be7 14. Be2 a6 15. g4 (15. Ra1 $11) 15... Nb5 ({Black should try} 15... Ne4 $15) 16. f3 $11 Nxc3 17. bxc3 Bd8 18. Be5 Bc7 19. g5 Ne8 20. Rb4 Ra7 21. Kf2 f6 22. Bxc7 Nxc7 23. gxf6 gxf6 24. Kg3 Ne8 {Precision: White = 43%, Black = 27%.} 1/2-1/2

[Event "9th LCC FIDE Open 2017"]
[Site "London"]
[Date "2017.12.02"]
[Round "1"]
[White "Moussard, Jules"]
[Black "Seymour, Timothy P"]
[Result "1-0"]
[WhiteElo "2576"]
[BlackElo "2072"]
[Annotator "TA"]
[PlyCount "67"]
[EventDate "2017.??.??"]
[EventCountry "ENG"]
[SourceTitle "playchess.com"]
[Source "ChessBase"]
[SourceQuality "1"]

{[%evp 13,67,4,10,4,16,12,22,0,15,16,22,16,50,0,12,4,6,0,54,34,33,16,13,-16,44,44,45,45,45,45,62,31,54,65,115,128,120,102,131,118,177,171,211,203,257,235,374,377,517,491,583,581,1229,1204,1364,1302]} 1. d4 Nf6 2. Nf3 e6 3. Bg5 h6 4. Bh4 d6 5. e3 Nbd7 6. h3 {A46: 1 d4 Nf6 2 Nf3 e6: Torre, London and Colle Systems} b6 7. Nbd2 Bb7 {LiveBook: 10 Games} 8. a4 {The position is equal.} a6 9. c3 Be7 10. Bd3 O-O $146 ({Predecessor:} 10... c5 11. Bg3 O-O 12. O-O d5 13. Qb1 c4 14. Bc2 b5 {0-1 (42) Sergeev,V (2430)-Navara,D (2616) Czechia 2004}) 11. Bg3 Re8 12. O-O Bf8 13. Qb3 d5 14. Ne5 Nxe5 15. Bxe5 Ne4 (15... Nd7 $11) 16. Bxe4 dxe4 17. a5 b5 18. c4 Bc6 ({Black should play} 18... f6 $11 19. Bg3 c5) 19. Rfc1 $14 b4 20. Qc2 f5 21. Rd1 Bd6 22. Nb3 {[%cal Bd2b3,Bb3d4,Bd4e6][%mdl 32]} Qe7 23. Bxd6 cxd6 24. d5 exd5 25. cxd5 Bb5 26. Nd4 Bd3 {[#]} (26... Rac8 $16 27. Qb3 Bc4 28. Qxb4 Qd7) 27. Qb3 $1 $18 Qf7 28. Ne6 ({Not} 28. Qxb4 Qxd5 29. Rac1 Rab8 $14) 28... Rab8 29. Rac1 {[%cal Ba1c1,Bc1c7,Bc7g7][%mdl 32]} g5 (29... Rbc8 {keeps fighting.} 30. Qxb4 Qe7) 30. Rc7 Qf6 31. Rdc1 {[%cal Bd1c1,Bc1c7,Bc7f7][%mdl 32] White is clearly winning.} f4 32. Rg7+ Kh8 {[#] Hoping for ...fxe3.} 33. Rcc7 Qf5 34. Rcf7 {Precision: White = 76%, Black = 15%.} 1-0

[Event "9th LCC FIDE Open 2017"]
[Site "London"]
[Date "2017.12.02"]
[Round "1"]
[White "Le Roux, Jean-Pierre"]
[Black "Compton, Alistair"]
[Result "1-0"]
[WhiteElo "2560"]
[BlackElo "2071"]
[Annotator "TA"]
[PlyCount "57"]
[EventDate "2017.??.??"]
[EventCountry "ENG"]
[SourceTitle "playchess.com"]
[Source "ChessBase"]
[SourceQuality "1"]

{[%evp 9,57,0,22,14,8,0,17,10,17,17,20,21,54,45,49,20,28,27,38,38,39,33,216,206,232,238,258,259,255,254,247,245,257,262,284,277,325,304,384,374,378,373,395,391,1566,1146,5497,5481,2369,2205]} 1. d4 d5 2. Nf3 e6 3. Bf4 Bd6 4. e3 Nc6 5. Bd3 (5. Bxd6 Qxd6 6. Nbd2 Nf6 7. c4 O-O {½-½ (7) Tratar,M (2502)-Drazic,S (2511) Sibenik 2012}) 5... Nf6 6. O-O {D02: 1 d4 d5 2 Nf3 sidelines, including 2...Nf6 3 g3 and 2...Nf6 3 Bf4} O-O 7. Nbd2 Bxf4 8. exf4 {The position is equal.} Qd6 9. g3 $146 ({Predecessor:} 9. Ne5 Nxd4 10. c3 Nc6 11. Ndf3 Nxe5 12. fxe5 Qd8 13. exf6 Qxf6 14. Re1 {1-0 (23) Pramateftaki,L-Wijesuriya,G (2089) Kemer 2009}) 9... Nb4 10. Be2 c5 11. dxc5 Qxc5 12. c4 dxc4 13. Nxc4 Nbd5 14. Rc1 Bd7 15. Nfe5 Rfd8 $2 {[#]} ({Better is} 15... Bb5 $14) 16. Nxf7 $1 $18 {[%mdl 512]} Rf8 (16... Kxf7 17. Ne5+) 17. Nfe5 Rfd8 18. Nxd7 Nxd7 19. Bg4 Nf8 20. Qe2 Re8 21. Ne5 Qb6 22. Rfd1 Nb4 23. Qc4 g6 24. Nd7 Nxd7 25. Rxd7 {[#] Qc3 would kill now.} Nd5 26. Re1 Rad8 $2 (26... Kf8 27. Rxh7 Nf6) 27. Bxe6+ {White is clearly winning.} Rxe6 28. Rxe6 {Threatening mate with Qxd5.} Rxd7 29. Rxb6 {Precision: White = 70%, Black = 23%.} 1-0

[Event "9th LCC FIDE Open 2017"]
[Site "London"]
[Date "2017.12.02"]
[Round "1"]
[White "Vishnu Prasanna  V"]
[Black "Jyothilal, Narayanan"]
[Result "1-0"]
[WhiteElo "2536"]
[BlackElo "2063"]
[Annotator "TA"]
[PlyCount "63"]
[EventDate "2017.??.??"]
[EventCountry "ENG"]
[SourceTitle "playchess.com"]
[Source "ChessBase"]
[SourceQuality "1"]

{[%evp 24,63,91,50,82,91,79,71,84,0,108,107,168,102,220,210,230,227,214,166,462,461,464,463,447,433,724,718,731,741,746,746,760,757,777,744,807,804,1047,1051,1574,1417]} 1. d4 d5 2. Nf3 e6 3. g3 c5 4. Bg2 Nc6 5. O-O Nf6 6. c4 Be7 7. cxd5 exd5 8. dxc5 Bxc5 9. a3 O-O 10. b4 Be7 {D30: Queen's Gambit Declined: Systems without Nc3} 11. Nc3 Bg4 (11... Be6 12. Bb2 Qd7 13. Rc1 Rfd8 14. Nb5 a5 15. bxa5 Rxa5 16. a4 Bh3 17. Ne5 Nxe5 18. Bxe5 Bxg2 19. Kxg2 Rda8 {1-0 (46) Wagner,D (2575)-Zvjaginsev,V (2660) Berlin 2015}) 12. Bb2 a6 13. h3 {LiveBook: 3 Games} Bxf3 $146 ({Predecessor:} 13... Be6 14. e3 Ne4 15. Ne2 Bf6 16. Nfd4 Nxd4 17. Bxd4 Rc8 18. Rc1 Rxc1 19. Qxc1 {1-0 (45) Merry,A (2414)-Shaw,R (2209) Blackpool 2017}) 14. exf3 {[%cal Be2f3,Bf3f4,Bf4f5][%mdl 32]} Qd7 15. Qb3 Nd4 16. Qd1 (16. Qa2 $16) 16... Ne6 (16... Nc6 $1 $11) 17. f4 $16 {[%cal Rc3d5]} Rfd8 (17... d4 $16) 18. Re1 (18. Na4 $18) 18... d4 (18... Rac8 $16) 19. Na4 $18 Rab8 {[#]} 20. f5 $1 {[%cal Rf5e6]} Nc7 21. Bxd4 Bxb4 $2 (21... Qxd4 22. Qxd4 Rxd4) 22. Bxf6 $1 {White is clearly winning.} ({Inferior is} 22. axb4 Qxd4 23. Qxd4 Rxd4 $11) 22... Bxe1 23. Bxd8 {[%cal Bf6d8,Bd8b6,Bb6f2][%mdl 32]} Bxf2+ 24. Kxf2 Qxf5+ (24... Qxd8 $142 25. Qxd8+ Rxd8 26. Bxb7 a5) 25. Kg1 Ne6 26. Bb6 Qe5 27. Bf2 b5 28. Nb6 {[#] Nd7 is the strong threat.} Rd8 29. Qe1 Qb2 30. Nd5 g6 31. Rd1 Qxa3 32. Qe5 {Precision: White = 63%, Black = 40%.} 1-0

[Event "9th LCC FIDE Open 2017"]
[Site "London"]
[Date "2017.12.02"]
[Round "1"]
[White "Kotronias, Vasilios"]
[Black "Barton, R Alan"]
[Result "1-0"]
[WhiteElo "2524"]
[BlackElo "2052"]
[Annotator "TA"]
[PlyCount "79"]
[EventDate "2017.??.??"]
[EventCountry "ENG"]
[SourceTitle "playchess.com"]
[Source "ChessBase"]
[SourceQuality "1"]

{[%evp 11,78,62,133,64,75,60,58,57,113,127,124,108,108,92,183,171,212,211,213,217,214,211,191,196,218,214,178,176,189,189,189,195,174,181,277,262,337,331,343,356,301,310,495,500,474,413,525,514,531,533,526,522,517,504,670,645,816,671,1668,833,817,812,1393,1214,1500,1462,4990,1908,29999]} 1. e4 e6 2. d4 a6 3. Nf3 b5 4. Bd3 Bb7 5. O-O c5 6. c3 {[%cal Bc2c3,Bc3d4,Bd4d5][%mdl 32]} Nc6 {LiveBook: 4 Games. B00: Queen's Fianchetto Defence, Nimzowitsch Defence} (6... d5 $14 7. exd5 Bxd5) (6... d5 7. exd5 Bxd5 8. Bg5 Nf6 9. a4 c4 10. Be2 Nbd7 11. Ne5 Nxe5 12. dxe5 h6 13. Bh4 g5 14. exf6 gxh4 {½-½ (40) Lenderman,A (2587)-Gelashvili,T (2563) Saint Louis 2017}) 7. Re1 (7. d5 $16) 7... cxd4 $14 8. cxd4 Nb4 $146 {White is slightly better.} ({Predecessor:} 8... Qb6 9. Bf1 Nf6 10. Bg5 h6 11. Bxf6 gxf6 12. Nc3 Rc8 13. Rc1 h5 14. a3 {1-0 (26) Krutti,V (2397)-Antal,S (2272) Hungary 2001}) 9. Bf1 {And now d5 would win.} Nf6 (9... d5 $14) 10. a3 {[%cal Ba2a3,Ba3a4][%mdl 32]} Nc6 11. d5 Ne7 12. a4 b4 (12... Ng6 $16 {is a better defense.}) 13. Nbd2 $18 Nc8 14. Nc4 Bc5 15. Bg5 h6 16. Bh4 g5 17. Bg3 O-O {[%cal Re6d5]} 18. Nd4 d6 19. Rc1 Bxd4 20. Qxd4 {Na5! is the strong threat.} e5 21. Nxe5 dxe5 22. Bxe5 Ng4 (22... Ne8 $142 23. Qxb4 Qd7) 23. Bg3 Qb6 24. Qd1 Nf6 25. Bc7 Qa7 26. Be5 Nd7 (26... Qb6 $142 27. Rc7 Nd6) 27. Bd4 Qb8 28. Qg4 Qd6 29. e5 Qxd5 30. Bc4 Qxg2+ 31. Qxg2 Bxg2 32. Kxg2 Ncb6 33. Bb3 a5 34. Rc6 Rab8 35. Rxh6 (35. e6 $142 Rfc8 36. exf7+ Kf8 37. Rxh6) 35... Kg7 36. Rd6 Kh7 37. Re3 Rfe8 38. Bxf7 {[#] White threatens Rg6 and mate.} Re7 39. e6 (39. Rh3+ $142 Kg7 40. e6+ Nf6 41. Rf3 Rxf7 42. exf7 Kxf7 43. Rfxf6+ Ke8 44. Bxb6) 39... Nf8 40. Rh3# {Precision: White = 73%, Black = 43%.} 1-0

[Event "9th LCC FIDE Open 2017"]
[Site "London"]
[Date "2017.12.02"]
[Round "1"]
[White "Stany, G A"]
[Black "Johansson, Toni"]
[Result "1-0"]
[WhiteElo "2502"]
[BlackElo "2049"]
[Annotator "TA"]
[PlyCount "69"]
[EventDate "2017.??.??"]
[EventCountry "ENG"]
[SourceTitle "playchess.com"]
[Source "ChessBase"]
[SourceQuality "1"]

{[%evp 15,69,0,6,0,27,24,43,4,27,20,26,8,8,10,20,0,0,-13,-16,-19,-10,-27,-28,-65,0,-11,30,20,49,37,58,67,45,40,101,114,112,87,83,89,92,0,68,47,259,277,274,263,901,646,5090,1849,29989,29990,29993,29994]} 1. e4 c5 2. Nf3 d6 3. Bb5+ Nd7 4. a4 a6 (4... Ngf6 5. Nc3 a6 6. Bxd7+ Bxd7 7. a5 g6 8. O-O Bg7 9. e5 dxe5 10. Nxe5 O-O 11. d3 Be6 12. Re1 Nd5 13. Bd2 {½-½ (42) Carlsen,M (2837)-Ding,L (2774) Saint Louis 2017}) 5. Bc4 e6 6. O-O {B51: Sicilian: Moscow Variation (3 Bb5+) without 3...Bd7} Ngf6 7. Re1 Be7 8. Nc3 O-O {LiveBook: 3 Games} 9. a5 b5 10. axb6 $1 Nxb6 11. Ba2 $146 ({Predecessor:} 11. Bf1 Qc7 12. d4 {1-0 (29) Zwaig,A (2425)-Bedros,J Lugano 1968}) 11... d5 12. d3 Bb7 13. Bg5 dxe4 14. dxe4 Qc7 15. Qe2 c4 16. e5 Nfd5 17. Nxd5 Bxd5 18. Bxe7 Qxe7 19. Nd4 Qc5 (19... Rfb8 $15) 20. c3 $11 Bb7 21. Bb1 Rfd8 22. h4 Qe7 23. Qg4 Nd7 24. Re3 Nf8 (24... Rab8 $14) 25. h5 $16 Rab8 26. Rg3 $40 {[%csl Gg3][%cal Rg4g7][%mdl 128] White attacks with force.} g6 27. hxg6 fxg6 28. Ne2 (28. Be4 $16) 28... Qg7 (28... Rd1+ $11 29. Kh2 Rd2) 29. Nf4 $14 Bc8 $2 {[#]} ({Black should play} 29... Qf7 $14) 30. Qg5 $1 $18 {[%cal Rg5d8]} Rd1+ 31. Kh2 Rxb2 $2 (31... Rd5 32. Nxd5 exd5) 32. Bxg6 hxg6 33. Rxd1 {[%cal Ba1d1,Bd1d8,Bd8f8][%mdl 32]} Rxf2 34. Rd8 Bb7 {[#]} 35. Rxf8+ $1 {[%mdl 512] Precision: White = 63%, Black = 30%.} 1-0